|
|
|
|
| LEADER |
00000cam a2200000 7i4500 |
| 001 |
0000013402 |
| 005 |
20080114.0 |
| 008 |
080114 |
| 020 |
|
|
|a 9830980898
|
| 090 |
0 |
0 |
|a 297.4
|b MAK
|
| 100 |
1 |
|
|a Al-Makkiy, Al-Sayyid Bakri
|
| 245 |
1 |
0 |
|a Asas tasawuf :
|b membentuk insan calon penghuni syurga
|c Al-Sayyid Bakri Al-Makkiy;penterjemah Mohd Sofwan Amrullah
|
| 260 |
|
|
|a Selangor :
|b Pustaka Ilmi ,
|c 2001
|
| 650 |
|
0 |
|a Sufism
|
| 700 |
0 |
|
|a Mohd Sofwan Amrullah
|
| 999 |
|
|
|a 0001008263
|b Book
|c Adult Collection
|e Perbadanan Perpustakaan Awam Johor
|
| 999 |
|
|
|a 0001008264
|b Book
|c Adult Collection
|e Perbadanan Perpustakaan Awam Johor
|
| 999 |
|
|
|a 0001008265
|b Book
|c Adult Collection
|e Perbadanan Perpustakaan Awam Johor
|